The Art and Science of Ghazal: (Record no. 175709)

MARC details
000 -LEADER
fixed length control field 00703nam a22001817a 4500
005 - DATE AND TIME OF LATEST TRANSACTION
control field 20200921144420.0
010 ## - LCCN (DPL NO)
LC control number ENG-128445
020 ## - INTERNATIONAL STANDARD BOOK NUMBER
Terms of availability 200.00
International Standard Book Number 9789389733068
035 ## - SYSTEM CONTROL NUMBER
System control number EN-111977
037 ## - SOURCE OF ACQUISITION
Source of stock number/acquisition DBAD/PUB
082 ## - DEWEY DECIMAL CLASSIFICATION NUMBER
Classification number 881.08
100 ## - MAIN ENTRY--PERSONAL NAME
Personal name Mona, Elizabeth Kurian
245 ## - TITLE STATEMENT
Title The Art and Science of Ghazal:
Remainder of title A Readers' Guide to Urdu Ghazal Appreciation, Sancsion and Prosody/
Statement of responsibility, etc by Elizabeth Kurian 'Mona'
260 ## - PUBLICATION, DISTRIBUTION, ETC. (IMPRINT)
Place of publication, distribution, etc New Delhi
Name of publisher, distributor, etc Educational Publishing House
Date of publication, distribution, etc 2019
270 ## - ADDRESS
Address H.O, D1/16 Ansari Road, Darya Ganj,
City New Delhi
Postal code 110002
Telephone number 45678285, 23214465, 23216162
Electronic mail address ephindia@gmail.com, info@ephbooks.com
300 ## - PHYSICAL DESCRIPTION
Extent 132p.
Dimensions 22cm(pbk)
942 ## - ADDED ENTRY ELEMENTS (KOHA)
Source of classification or shelving scheme Dewey Decimal Classification
Item type English Books
Classification part 881.08
Call number suffix MON
Holdings
Withdrawn status Lost status Not for loan Collection code Home library Current library Date acquired Source of acquisition Cost, normal purchase price Full call number Barcode Cost, replacement price Koha item type
      Non-fiction Ashok Vihar Ashok Vihar 21/09/2020 DBAD/PUB 200.00 881.08 MON EN-111977 200.00 English Books

© Delhi Public Library
Hit Counter
free hit counter